[Event "Barcelona Sant Marti op 11th"]
[Site "Barcelona"]
[Date "2024.02.08"]
[Round "5"]
[White "De Lomas Busquets, Alba"]
[Black "San Juan Morigosa, Isaura"]
[Result "1-0"]
[WhiteElo "1883"]
[BlackElo "1711"]
[PlyCount "65"]
[EventDate "2024.01.11"]
[EventType "swiss"]
[EventRounds "9"]
[EventCountry "ESP"]
[SourceTitle "CB11_2024"]
[SourceDate "2024.03.13"]
[SourceVersion "1"]
[SourceVersionDate "2024.03.13"]
[SourceQuality "1"]

1. d4 d6 2. Nf3 Nf6 3. Nc3 g6 4. e4 Bg7 5. Be3 0-0 6. Qd2 c6 7. 0-0-0 b5 8. e5 Ne8 9. Bh6 Bxh6 10. Qxh6 f6 11. h4 Ng7 12. Bd3 Nf5 13. Qd2 d5 14. g4 Ng7 15. Rdg1 Rf7 16. Qh6 Ne6 17. g5 Qf8 18. Qxf8+ Nxf8 19. gxf6 exf6 20. h5 f5 21. Nh4 Rg7 22. Rg2 gxh5 23. Rxg7+ Kxg7 24. Rg1+ Ng6 25. Bxf5 Bxf5 26. Nxf5+ Kf8 27. Rg5 h4 28. Rh5 Kg8 29. Ne2 Nd7 30. Nxh4 Rf8 31. Nxg6 hxg6 32. Rh2 Rf4 33. Nxf4 1-0